| 000 | 00000nam##2200000za#4500 |
| 001 | 9.635528 |
| 003 | CaOODSP |
| 005 | 20240209132615 |
| 007 | cr ||||||||||| |
| 008 | 150407|2008||||xxc|||||o f|0| 0 fre|d |
| 020 | |a978-0-662-04421-5 |
| 040 | |aCaOODSP|bfre |
| 043 | |an-cn--- |
| 086 | 1 |aIu89-4/3-3-2008F-PDF |
| 110 | 2 |aAgence de promotion économique du Canada atlantique. |
| 245 | 10|aIndustrie de l'aérospatiale et de la défense au Canada atlantique |h[ressource électronique] |
| 260 | |aMoncton - Nouveau-Brunswick : |bAgence de promotion économique du Canada atlantique |c[2008]. |
| 300 | |a12p.|bgraphiques, photographies |
| 520 | 3 |aPrésente aux lecteurs les caractéristiques de diverses industries du Canada atlantique. |
| 590 | |a11-02-Supp|b2011-01-27 |
| 691 | 07|aIndustrie de l'aérospatiale|2gcpds |
| 775 | 08|tAerospace and defence industry in Atlantic Canada |w(CaOODSP)9.691195 |
| 776 | 0#|tIndustrie de l'aérospatiale et de la défense au Canada atlantique |w(CaOODSP)9.684391 |
| 856 | 40|ahttp://publications.gc.ca|qPDF|s1543 Ko|uhttps://publications.gc.ca/collections/collection_2010/apeca-acoa/Iu89-4-3-3-2008-fra.pdf |
| 986 | |aACOA: 2008-07 |